عرض عادي عرض مارك
  • Gillespie, Stuart,

مدخل إسم شخص

عدد التسجيلات المستخدمة في: 1

001 - رقم الضبط

  • حقل الضبط: 8642

003 - معرف رقم الضبط

  • حقل الضبط: OSt

005 - تاريخ ووقت أخر عملية

  • حقل الضبط: 20111215104220.0

008 - عناصر بيانات ثابتة الطول

  • حقل تحكم ثابت الطول: 111215|||a|||||| | ||| d

040 ## - مصدر الفهرسة

  • هيئة الفهرسة الأصلية: OSt
  • وكالة الكتابة: OSt

100 ## - مدخل -- أسم شخص

  • إسم شخص: Gillespie, Stuart,
  • تواريخ مرتبطة بالاسم: 1958-

670 ## - بيانات المصدر موجوده

  • الاستشهاد بالمصدر: Work cat.: (OSt)0: The Oxford history of literary translation in English /, <2005-2010>